A Dictionary of Moroccan Arabic, Arabic-English :

محفوظ في:

المؤلف الرئيسي: Harrell, Richard S.

التنسيق: كتاب

اللغة: Undetermined

منشور في: Washington, DC : Georgetown University Press, 1966.

سلاسل: The Richard Slade Harrell Arabic series; no. 9

الموضوعات:

الوسوم: إضافة وسم

لا توجد وسوم, كن أول من يضع وسما على هذه التسجيلة!

رقم الطلب: (Ref.) PJ6766 .H3x

LEADER 00702nam a2200169Ia 4500
008 220712s9999||||xx |||||||||||||| ||und||
050 4 |a (Ref.) PJ6766 .H3x 
100 1 |a Harrell, Richard S. 
245 1 2 |a A Dictionary of Moroccan Arabic, Arabic-English : 
264 1 |a Washington, DC :  |b Georgetown University Press,  |c 1966. 
300 |a xxi, 268p. :  |b  ;  |c 23cm. 
490 0 |a The Richard Slade Harrell Arabic series; no. 9 
555 4 |o (Ref.) PJ6766 .H3x 
650 |a Arabic language Dictionaries English. 
650 4 |a Arabic language Dialects Morocco Dictionaries. 
952 |0 0  |1 0  |2 lcc  |4 0  |7 1  |9 41861  |a ARCE  |b ARCE  |d 2022-07-21  |l 0  |o (Ref.) PJ6766 .H3x  |p 1033966  |r 2022-07-21 00:00:00  |w 2022-07-21  |y BK 
999 |c 48840  |d 48840